| 000 | 00841nam a22002297a 4500 | ||
|---|---|---|---|
| 999 |
_c17027 _d17027 |
||
| 003 | AR-CdUCM | ||
| 008 | 190507b ||||| |||| 00| 0 d | ||
| 040 |
_aMUNICIPALIDAD PROVINCIAL DEL CUSCO _cBIBLIOTECA MUNICIPAL DEL CUSCO |
||
| 041 | _heng | ||
| 082 |
_a338.092 / _bS47 |
||
| 100 |
_aShippen, Katherine B. _936839 |
||
| 245 | _aMilagro en acción / | ||
| 260 |
_aBuenos Aires : _bPlaza & Janes, _c1964. |
||
| 300 |
_a143 páginas ; _c17 cm. |
||
| 505 | _aContenido: Estudio comprensivo de las historias casi milagrosas de las grandes industrias y fortunas mundiales, como son las de Rockefeller, Ford, Samuel Gompers. | ||
| 650 |
_aHombres de negocio _936840 |
||
| 650 |
_aEstados unidos _929155 |
||
| 650 |
_aUtopía _926268 |
||
| 700 |
_aGerlach, Graciela (traducción) _936841 |
||
| 942 |
_2ddc _cLIBROS |
||
| 945 |
_adavv _d07/05/2019 |
||